All Lego Bionicle G1 Sets - Statistics

General Stats
  • This quiz has been taken 65 times
  • The average score is 135 of 220
Answer Stats
Hint Answer % Correct
Toa Gali
100%
Toa Mistika Gali Mistika
100%
Toa Nuva Gali Nuva
100%
Toa Kopaka
100%
Toa Nuva Kopaka Nuva
100%
Toa Phantoka Kopaka Phantoka
100%
Toa Lewa
100%
Toa Nuva Lewa Nuva
100%
Toa Phantoka Lewa Phantoka
100%
Toa Onua
100%
Toa Mistika Onua Mistika
100%
Toa Nuva Onua Nuva
100%
Toa Pohatu
100%
Toa Nuva Pohatu Nuva
100%
Toa Phantoka Pohatu Phantoka
100%
Toa Tahu
100%
Toa Mistika Tahu Mistika
100%
Toa Nuva Tahu Nuva
100%
Toa Inika Jaller Inika
94%
Toa Mahri Jaller Mahri
94%
Matoran Maku
94%
Turaga Nuju
94%
Toa Hordika Nuju Hordika
94%
Toa Metru Nuju Metru
94%
Turaga Vakama
94%
Toa Hordika Vakama Hordika
94%
Toa Metru Vakama Metru
94%
Matoran Hahli
91%
Toa Inika Hahli Inika
91%
Toa Mahri Hahli Mahri
91%
Matoran Kongu
91%
Toa Inika Kongu Inika
91%
Toa Mahri Kongu Mahri
91%
Leader of the Brotherhood Makuta
91%
Turaga Nokama
91%
Toa Hordika Nokama Hordika
91%
Toa Metru Nokama Metru
91%
Turaga Onewa
91%
Toa Hordika Onewa Hordika
91%
Toa Metru Onewa Metru
91%
Toa Takanuva
91%
Turaga Whenua
91%
Toa Hordika Whenua Hordika
91%
Toa Metru Whenua Metru
91%
Matoran Matoro
88%
Toa Inika Matoro Inika
88%
Toa Mahri Matoro Mahri
88%
Matoran Hewkii
84%
Toa Inika Hewkii Inika
84%
Toa Mahri Hewkii Mahri
84%
Toa Inika Nuparu Inika
84%
Toa Mahri Nuparu Mahri
84%
Bohrok Tahnok
84%
Bohrok Kal Tahnok Kal
84%
Bohrok Va Tahnok Va
84%
Matoran Jala
81%
Turaga Matau
81%
Toa Hordika Matau Hordika
81%
Toa Metru Matau Metru
81%
Order of Mata Nui Axonn
78%
Order of Mata Nui Brutaka
78%
Bohrok Gahlok
78%
Bohrok Kal Gahlok Kal
78%
Bohrok Va Gahlok Va
78%
Rahi Nui Rama
78%
Toa Mech Exo-Toa
75%
Rahi Nui Jaga
75%
King of the Visorak Sidorak
75%
Matoran Huki
72%
Rahi Keetongu
72%
Bohrok Lehvak
72%
Bohrok Kal Lehvak Kal
72%
Bohrok Va Lehvak Va
72%
Glatorian Mata Nui
72%
Dark Hunter Nidhiki
72%
Son of Makuta Rahkshi
72%
Viceroy of the Visorak Roodaka
72%
Toa Toa Mata Nui
72%
Piraka Vezok
72%
Order of Mata Nui Hydraxon
69%
Dark Hunter Krekka
69%
Rahaga Norik
69%
Bohrok Nuhvok
69%
Bohrok Kal Nuhvok Kal
69%
Bohrok Va Nuhvok Va
69%
Toa Toa Norik
69%
Piraka Zaktan
69%
Matoran Mech Boxor
66%
Mutated Rahi Gadunka
66%
Deranged Island Ruler Karzahni
66%
Bohrok Kohrak
66%
Bohrok Kal Kohrak Kal
66%
Bohrok Va Kohrak Va
66%
Matoran Macku
66%
Rahi Manas
66%
Matoran Onepu
66%
Glatorian Skrall
66%
Matoran and Rahi Takua and Pewku
66%
Piraka Thok
66%
Piraka and Rahi Vezon and Fenrakk
66%
Piraka Hakann
63%
Matoran and Rahi Jaller and Gukko
63%
Makuta Mistika Krika
63%
Barraki Takadox
63%
Matoran Velika
63%
Glatorian Gresh
59%
Rahaga Iruini
59%
Rahkshi Lerahk
59%
Rahi Muaka and Kane Ra
59%
Bohrok Pahrak
59%
Bohrok Kal Pahrak Kal
59%
Bohrok Va Pahrak Va
59%
Rahi Tarakava
59%
Toa Toa Ignika
59%
Toa Toa Iruini
59%
Makuta Phantoka Vamprah
59%
Rahaga Bomonga
56%
Barraki Carapar
56%
Makuta Icarax
56%
Rahkshi Kurahk
56%
Pit Guardian and Rahi Maxilos and Spinax
56%
Skakdi Piraka
56%
Rahkshi Turahk
56%
Makuta Mistika Bitil
53%
Bahrag Cahdok and Gahdok
53%
Makuta Mistika Gorast
53%
Rahkshi Guurahk
53%
Matoran Kopeke
53%
Toa Lesovikk
53%
Rahkshi Panrahk
53%
Rahaga Pouks
53%
Barraki Pridak
53%
Piraka Reidak
53%
Turaga Gold Good Guy
50%
Matoran | Power Pack Character Hafu
50%
Barraki Mantax
50%
Toa and Rahi Toa Lhikan and Kikanalo
50%
Turaga and Rahi Turaga Dume and Nivawk
50%
Matoran Ahkmou
47%
Sky Vehicle Axalara T9
47%
Makuta Phantoka Chirox
47%
Barraki Ehlek
47%
Barraki Kalmah
47%
Order of Mata Nui Umbra
47%
Matoran Vhisola
47%
Rahkshi Vorahk
47%
Rahaga Gaaki
44%
Skakdi Mythos Irnakk
44%
Sky Vehicle Jetrax T6
44%
Rahaga Kualus
44%
Prisoner of The Pit Nocturn
44%
Makuta Phantoka Antroz
41%
Matoran Dalu
41%
Matoran Ehrye
41%
Visorak Keelerak
41%
Glatorian Kiina
41%
Glatorian Malum
41%
Agori Metus
41%
Matoran Nuhrii
41%
Glatorian Ackar
38%
Matoran Dekar
38%
Visorak Oohnorak
38%
Matoran Orkahm
38%
Glatorian Strakk
38%
Glatorian Vorox
38%
Piraka Avok
34%
Matoran Defilak
34%
Glatorian Gelu
34%
Matoran Photok
34%
Vahki Rorzakh
34%
Matoran Solek
34%
Visorak Suukorak
34%
Matoran Tehutti
34%
Skrall Leader Tuma
34%
Glatorian Vastus
34%
Vahki Vorzakh
34%
Vahki Zadakh
34%
Agori Atakus
31%
Vahki Bordakh
31%
Scarabax Beetle Click
31%
Skrall and Rock Steed Fero and Skirmix
31%
Matoran Gavla
31%
Makuta and Matoran Mutran and Vican
31%
Matoran Radiak
31%
Visorak Roporak
31%
Glatorian Tarix
31%
Matoran Vultraz
31%
Matoran Balta
28%
Visorak Boggarak
28%
Matoran Kazi
28%
Matoran Kirop
28%
Rahi Klakk
28%
Vahki Nuurakh
28%
Agori Raanu
28%
Glatorian Vehicle Skopio XV1
28%
Glatorian Stronius
28%
Matoran Tanma
28%
Hydruka Thulox
28%
Agori Berix
25%
Vahki Keerakh
25%
Matoran Mazeka
25%
Matoran Piruk
25%
Sky Vehicle Rockoh T3
25%
Agori Zesk
25%
Matoran Garan
22%
Hydruka Morak
22%
Agori Tarduk
22%
Visorak Vohtarak
22%
Agori Vehicle Cendox V1
19%
Glatorian Vehicle Thornatus V9
16%
Agori Vehicle Baranus V7
13%
Agori Vehicle Kaxium V3
13%
15 in 1 Rahi Master Builder
13%
No matching quizzes found
Score Distribution
Percent of People with Each Score
Percentile by Number Answered
Your Score History
You have not taken this quiz